<?xml version="1.0" encoding="UTF-8"?>
<record
    xmlns:xsi="http://www.w3.org/2001/XMLSchema-instance"
    xsi:schemaLocation="http://www.loc.gov/MARC21/slim http://www.loc.gov/standards/marcxml/schema/MARC21slim.xsd"
    xmlns="http://www.loc.gov/MARC21/slim">

  <leader>01954agaaa2200337   4500</leader>
  <controlfield tag="001">5230</controlfield>
  <controlfield tag="003">IT-RoPAU</controlfield>
  <controlfield tag="005">20220918181223.0</controlfield>
  <controlfield tag="007">d cvaizq</controlfield>
  <controlfield tag="008">50131s9999||||xx ||| |     ||   ||und||</controlfield>
  <datafield tag="040" ind1=" " ind2=" ">
    <subfield code="a">IT-RoPAU</subfield>
    <subfield code="c">IT-RoPAU</subfield>
  </datafield>
  <datafield tag="041" ind1=" " ind2=" ">
    <subfield code="a">ITALIANO</subfield>
  </datafield>
  <datafield tag="100" ind1=" " ind2=" ">
    <subfield code="a">AA.VV. </subfield>
    <subfield code="g">Codice regista SPICS: 12000</subfield>
    <subfield code="9">36573</subfield>
  </datafield>
  <datafield tag="130" ind1=" " ind2=" ">
    <subfield code="a">11 SETTEMBRE 2001</subfield>
    <subfield code="9">36574</subfield>
  </datafield>
  <datafield tag="240" ind1=" " ind2=" ">
    <subfield code="a">"11'09""01 - SEPTEMBER 11"</subfield>
    <subfield code="g">T3470</subfield>
  </datafield>
  <datafield tag="245" ind1=" " ind2=" ">
    <subfield code="a">11 SETTEMBRE 2001</subfield>
    <subfield code="c">Prodotto da: Mauvernay N. Perrin -- Sceneggiatura: Vari -- Diretto da: AA.VV. </subfield>
    <subfield code="p">11 SETTEMBRE 2001 (Rif. Codice opera principale : H5230)</subfield>
  </datafield>
  <datafield tag="246" ind1=" " ind2=" ">
    <subfield code="a">"11'09""01 - SEPTEMBER 11"</subfield>
  </datafield>
  <datafield tag="250" ind1=" " ind2=" ">
    <subfield code="a">Edizione Standard</subfield>
  </datafield>
  <datafield tag="260" ind1=" " ind2=" ">
    <subfield code="a">(UK - USA - FRA - EGY)</subfield>
    <subfield code="b">GALATEE FILM - ZETA FILM - STUDIO CANAL / Distribuzione: MULTIMEDIA SAN PAOLO</subfield>
    <subfield code="g">"2002 (1&#xB0; ed.: 2004 ; Ed. Lingua Orig.: 2002)"</subfield>
  </datafield>
  <datafield tag="300" ind1=" " ind2=" ">
    <subfield code="a">DVD</subfield>
    <subfield code="b">sonoro, col.</subfield>
    <subfield code="c">134 minuti</subfield>
  </datafield>
  <datafield tag="508" ind1=" " ind2=" ">
    <subfield code="a">"Fotografia: Vari; Montaggio: Vari; Musica: AA.VV. ; Sceneggiatura: Vari; Scenografia: Vari; "</subfield>
  </datafield>
  <datafield tag="511" ind1=" " ind2=" ">
    <subfield code="a">"Kamiri Maryam; Laborit Emmanuelle; Horry Jerome; El-Sherif Nour; Pinjo Dzana"</subfield>
  </datafield>
  <datafield tag="520" ind1=" " ind2=" ">
    <subfield code="a">"11 REGISTI HANNO REALIZZATO UN FILM PER RICORDARE L'ATTENTATO ALLE TORRI GEMELLE: YOUSSEF CHAHINE PER L'EPISODIO EGITTO; AMOS GITAI EPISODIO ISRAELE;ALEJANDRO GONZALEZ INARRITU SEGMENTO MESSICO; SHOHEI IMAMURA SEGMENTO GIAPPONE; CLAUDE LELOUCHE SEGMENTO FRANCIA; KEN LOACH SEGMENTO GRAN BRETAGNA; SAMIRA MAKHMALBAF SEGMENTO DIO, COSTRUZIONE E DISTRUZIONE; MIRA NAIR SEGMENTO INDIA; IDRISSA OUEDRAOGO SEGMENTO BURKINA FASO; SEAN PENN SEGMENTO USA; DANIS TANOVIC SEGMENTO BOSNIA HERZEGOVINA."</subfield>
  </datafield>
  <datafield tag="538" ind1=" " ind2=" ">
    <subfield code="a">PAL, STEREO</subfield>
  </datafield>
  <datafield tag="546" ind1=" " ind2=" ">
    <subfield code="a">ITALIANO</subfield>
  </datafield>
  <datafield tag="650" ind1=" " ind2=" ">
    <subfield code="a">DRAMMATICO</subfield>
    <subfield code="e">DVD-FILM [DVD]</subfield>
    <subfield code="x">Codice MATERIA SPICS: 9947</subfield>
    <subfield code="9">36575</subfield>
  </datafield>
  <datafield tag="700" ind1=" " ind2=" ">
    <subfield code="a">AA.VV. </subfield>
    <subfield code="e">(regista/i)</subfield>
    <subfield code="g">Codice regista SPICS: 12000</subfield>
    <subfield code="9">36573</subfield>
  </datafield>
  <datafield tag="700" ind1=" " ind2=" ">
    <subfield code="a">AA.VV. </subfield>
    <subfield code="e">(soggetto)</subfield>
    <subfield code="g">Codice Soggetto SPICS: 12000</subfield>
    <subfield code="9">36576</subfield>
  </datafield>
  <datafield tag="700" ind1=" " ind2=" ">
    <subfield code="a">AA.VV. </subfield>
    <subfield code="e">(musica)</subfield>
    <subfield code="g">Codice Musica SPICS: 12000</subfield>
    <subfield code="9">36577</subfield>
  </datafield>
  <datafield tag="942" ind1=" " ind2=" ">
    <subfield code="c">DV</subfield>
    <subfield code="2">ddc</subfield>
  </datafield>
  <datafield tag="999" ind1=" " ind2=" ">
    <subfield code="c">104592</subfield>
    <subfield code="d">104592</subfield>
  </datafield>
  <datafield tag="952" ind1=" " ind2=" ">
    <subfield code="0">0</subfield>
    <subfield code="1">0</subfield>
    <subfield code="4">0</subfield>
    <subfield code="6">H_5230_000000000000000</subfield>
    <subfield code="7">1</subfield>
    <subfield code="a">SPICS</subfield>
    <subfield code="b">SPICS</subfield>
    <subfield code="d">2015-01-31</subfield>
    <subfield code="l">0</subfield>
    <subfield code="o">H5230</subfield>
    <subfield code="r">2015-01-31 00:00:00</subfield>
    <subfield code="w">2015-01-31</subfield>
    <subfield code="y">DV</subfield>
    <subfield code="z">Progr. Ins.: 3234 / N.Vol.:1 / Copie: 1 / Pag.:0 / Copia rara: n.d. / date import: 1.2.2015 / By Epidotti, Trombetti, Vaglietti</subfield>
  </datafield>
</record>
